Los poderes del poeta: poesía y conocimiento en el Brasil del siglo XX
Zapisane w:
| 1. autor: | |
|---|---|
| Format: | Książka |
| Język: | hiszpański |
| Wydane: |
Madrid
Cultura Hispánica
1991
|
| Hasła przedmiotowe: | |
| Etykiety: |
Dodaj etykietę
Nie ma etykietki, Dołącz pierwszą etykiete!
|
MARC
| LEADER | 00000nam a2200000 a 4500 | ||
|---|---|---|---|
| 001 | UCX8132 | ||
| 003 | CL-VaPUC | ||
| 008 | 940126e19910000SP |||||||||||||||||spa|d | ||
| 082 | 0 | 4 | |a B869.4 |b KOV |2 21 |
| 100 | 0 | |a Kovadloff, Santiago |e author |9 325182 | |
| 245 | 1 | 4 | |a Los poderes del poeta: poesía y conocimiento en el Brasil del siglo XX |
| 300 | |a 168 p | ||
| 942 | |c BK | ||
| 945 | |d 19940126 00:00:00 |a rbrito | ||
| 260 | |a Madrid |b Cultura Hispánica |c 1991 | ||
| 650 | 0 | |a Poesia brasileña |9 325183 | |
| 650 | 0 | |a Historia y crítica, siglo 20 |9 269384 | |
| 583 | |a last modification |c 19940126 00:00:00 |k Rodrigo Vera | ||
| 999 | |c 227734 |d 227732 | ||
| 952 | |0 0 |1 0 |4 0 |6 B_869_400000000000000_KOV_1991 |7 0 |8 A |9 226945 |a BIBEDU |b BIBEDU |d 2019-11-15 |i 2960338 |o B869.4 KOV 1991 |p 2960338 |r 2019-11-15 |w 2019-11-15 |y BK |k LIT | ||